Les 10 langues les plus difficiles à apprendre - Statistiques

Statistiques générales
  • Ce quiz a été pris 765 fois
  • Le résultat moyen est 3 sur 10
Statistiques - réponses
Rang Langue Explication % Correct
1 Chinois A cause des sinogrammes qui n'indiquent pas la prononciation et du fait que celle-ci peut totalement changer leur sens...
94%
3 Arabe Pour sa difficulté de prononciation, sa calligraphie complexe et sa lecture de droite à gauche
34%
10 Français Une grammaire complexe, une orthographe qui l'est tout autant, un vocabulaire très important dont beaucoup d'homophones rendent le français difficile.
31%
2 Grec Langue flexionnelle c'est-à-dire dont les mots sont variables
24%
5 Japonais Langue qui possède plusieurs systèmes graphiques.
21%
7 Allemand Grammaire complexe, déclinaison des mots, existence d'un neutre et ordre des mots rendent l'apprentissage délicat
19%
6 Finnois Sa grammaire serait la plus complexe du monde.
9%
8 Danois Dans cette langue, une phrase peut devenir un mot; Semblable au suédois et au danois, elle a cependant ses spécificités.
8%
4 Islandais Langue flexionnelle c'est-à-dire dont les mots sont variables
8%
9 Norvégien Il existe en fait deux langues norvégiennes et de nombreux dialectes très usités. Elle contient des sons spécifiques difficilement prononçables pour les étrangers.
8%
Aucun quiz correspondant
Distribution des résultats
% des personnes avec chaque résultat
Percentile par nombre de réponses
Votre historique - résultats
Vous n’avez pas pris ce quiz